[Event "Wch Seniors 65 29th"]
[Site "Bucharest"]
[Date "2019.11.22"]
[Round "10"]
[White "Ostrowski, Michal"]
[Black "Tveten, Per"]
[Result "1-0"]
[WhiteElo "1210"]
[BlackElo "1423"]
[PlyCount "33"]
[EventDate "2019.11.12"]
[EventType "swiss"]
[EventRounds "11"]
[EventCountry "ROU"]
[SourceTitle "CBM 193 Extra"]
[Source "ChessBase"]
[SourceDate "2020.01.31"]
[SourceVersion "1"]
[SourceVersionDate "2020.01.31"]
[SourceQuality "1"]

1. d4 d5 2. Nc3 Nf6 3. Bg5 h6 4. Bh4 e6 5. a3 g6 6. f3 Nc6 7. Bf2 b6 8. e4 dxe4 9. fxe4 Bg7 10. e5 Nh5 11. Nf3 f6 12. Bc4 Qe7 13. Qd3 f5 14. 0-0-0 0-0 15. Kb1 Bb7 16. Rhg1 g5 17. Ne2 1-0

[Event "Wch Seniors 65 29th"]
[Site "Bucharest"]
[Date "2019.11.18"]
[Round "6"]
[White "Galupa, Vasile"]
[Black "Tveten, Per"]
[Result "0-1"]
[WhiteElo "1350"]
[BlackElo "1423"]
[PlyCount "64"]
[EventDate "2019.11.12"]
[EventType "swiss"]
[EventRounds "11"]
[EventCountry "ROU"]
[SourceTitle "CBM 193 Extra"]
[Source "ChessBase"]
[SourceDate "2020.01.31"]
[SourceVersion "1"]
[SourceVersionDate "2020.01.31"]
[SourceQuality "1"]

1. d4 Nf6 2. c4 c6 3. Nf3 d5 4. Nc3 e6 5. e3 g6 6. cxd5 cxd5 7. Bd3 Bg7 8. 0-0 0-0 9. h3 Nc6 10. a3 Re8 11. Re1 e5 12. dxe5 Nxe5 13. Nxe5 Rxe5 14. Bd2 Bf5 15. Bxf5 Rxf5 16. f4 d4 17. Ne2 dxe3 18. Bxe3 Rd5 19. Qb3 Rd3 20. Qxb7 Rxe3 21. Rad1 Qe8 22. Qa6 Qe7 23. Kf1 Re8 24. Qc4 Ne4 25. Qc1 Qc5 26. Qxc5 Nxc5 27. Nc3 Nd3 28. Rxe3 Rxe3 29. Nd5 Rg3 30. b4 Nb2 31. Ne7+ Kf8 32. Nc6 Nxd1 0-1

[Event "Wch Seniors 65 29th"]
[Site "Bucharest"]
[Date "2019.11.13"]
[Round "2"]
[White "Ramos Caldera, Cesar"]
[Black "Tveten, Per"]
[Result "1-0"]
[WhiteElo "1891"]
[BlackElo "1423"]
[PlyCount "68"]
[EventDate "2019.11.12"]
[EventType "swiss"]
[EventRounds "11"]
[EventCountry "ROU"]
[SourceTitle "CBM 193 Extra"]
[Source "ChessBase"]
[SourceDate "2020.01.31"]
[SourceVersion "1"]
[SourceVersionDate "2020.01.31"]
[SourceQuality "1"]

1. e4 e5 2. Nc3 g6 3. Nf3 Bg7 4. Bc4 Nc6 5. d3 Nf6 6. 0-0 h6 7. a3 d6 8. h3 0-0 9. Be3 Be6 10. Nd5 Nd7 11. Qd2 Nd4 12. Nh2 c6 13. Nc3 Bxc4 14. dxc4 f5 15. f4 Qe7 16. Rae1 Qe6 17. b3 Nf6 18. fxe5 dxe5 19. Bxh6 Rad8 20. Qc1 fxe4 21. Bxg7 Kxg7 22. Nxe4 Nf5 23. Nxf6 Rxf6 24. Ng4 Rff8 25. Rxe5 Qd6 26. Qg5 Qd2 27. Rexf5 Qxg5 28. Rxg5 Rxf1+ 29. Kxf1 Rf8+ 30. Ke2 Rf5 31. Rxf5 gxf5 32. Ne3 Kf6 33. Nxf5 Kxf5 34. Kf3 Ke5 1-0

[Event "Wch Seniors 65 29th"]
[Site "Bucharest"]
[Date "2019.11.12"]
[Round "1"]
[White "Tveten, Per"]
[Black "Bray, David"]
[Result "0-1"]
[WhiteElo "1423"]
[BlackElo "2031"]
[PlyCount "63"]
[EventDate "2019.11.12"]
[EventType "swiss"]
[EventRounds "11"]
[EventCountry "ROU"]
[SourceTitle "CBM 193 Extra"]
[Source "ChessBase"]
[SourceDate "2020.01.31"]
[SourceVersion "1"]
[SourceVersionDate "2020.01.31"]
[SourceQuality "1"]

1. e4 c5 2. Nf3 e6 3. Bc4 Nc6 4. Nc3 a6 5. a3 Nf6 6. 0-0 Nxe4 7. Nxe4 d5 8. Nxc5 Bxc5 9. d4 Nxd4 10. Nxd4 dxc4 11. c3 0-0 12. b4 cxb3 13. Nxb3 Ba7 14. Qg4 Qf6 15. Qg3 Bd7 16. Bg5 Qg6 17. Rab1 Rac8 18. Nd2 b5 19. Rbc1 Bc5 20. Ra1 Bb6 21. Be7 Qxg3 22. hxg3 Rfe8 23. Bb4 a5 24. Ne4 axb4 25. Nd6 bxc3 26. Nxe8 Rxe8 27. Rac1 c2 28. Rfe1 Bd4 29. Re4 Bb2 30. Ree1 Bxc1 31. Rxc1 Rd8 32. Rxc2 0-1

[Event "Gibraltar Amateur op-A"]
[Site "Caleta"]
[Date "2019.01.21"]
[Round "1"]
[White "Dennis, Nigel W"]
[Black "Tveten, Per"]
[Result "1-0"]
[WhiteElo "1805"]
[BlackElo "1461"]
[PlyCount "55"]
[EventDate "2019.01.21"]
[EventType "swiss"]
[EventRounds "5"]
[EventCountry "GGB"]
[SourceTitle "CBM 188 Extra"]
[Source "ChessBase"]
[SourceDate "2019.02.26"]
[SourceVersion "1"]
[SourceVersionDate "2019.02.26"]
[SourceQuality "1"]

1. e4 e5 2. Nf3 Nc6 3. Bb5 d6 4. 0-0 Nf6 5. Re1 g6 6. d4 exd4 7. e5 dxe5 8. Nxe5 Be6 9. Nxc6 Qd5 10. Nxd4+ c6 11. Nc3 Qd7 12. Bg5 Be7 13. Nxe6 fxe6 14. Qxd7+ Nxd7 15. Bxe7 cxb5 16. Ba3 Kf7 17. Nxb5 b6 18. Rad1 Nc5 19. b4 Na4 20. Rd7+ Kf6 21. Nd6 Rhf8 22. h4 Rad8 23. Ne4+ Kf5 24. Rxa7 b5 25. Bc1 Kg4 26. Bg5 Rd5 27. f3+ Kf5 28. Ng3# 1-0

[Event "Wch Seniors 65 28th"]
[Site "Bled"]
[Date "2018.11.18"]
[Round "1"]
[White "Kratschmer, Heinz"]
[Black "Tveten, Per"]
[Result "1/2-1/2"]
[WhiteElo "2035"]
[BlackElo "1500"]
[PlyCount "116"]
[EventDate "2018.11.18"]
[EventType "swiss"]
[EventRounds "11"]
[EventCountry "SLO"]
[SourceTitle "CBM 187 Extra"]
[Source "ChessBase"]
[SourceDate "2018.11.04"]
[SourceVersion "1"]
[SourceVersionDate "2018.11.04"]
[SourceQuality "1"]

1. d4 d5 2. Nf3 Nf6 3. c4 c6 4. Nc3 Bf5 5. cxd5 cxd5 6. Qb3 Qb6 7. Nxd5 Qxb3 8. Nxf6+ exf6 9. axb3 Bb4+ 10. Bd2 Bxd2+ 11. Nxd2 0-0 12. e3 Nc6 13. Be2 h6 14. 0-0 Nb4 15. Rfc1 Nd3 16. Rc3 Nb4 17. Bf3 Bc8 18. Nc4 Nc6 19. Kf1 Bd7 20. Nd6 Rab8 21. Bxc6 Bxc6 22. Rxa7 Rfd8 23. Nf5 Bb5+ 24. Ke1 Kh7 25. Rc7 Rd7 26. Rc5 Ba6 27. b4 Bd3 28. Rc3 Bxf5 29. f3 Kg6 30. b5 Rd6 31. Rc5 Rb6 32. Kd2 Bd7 33. Ra5 Rc8 34. Rxc8 Bxc8 35. Kc3 Re6 36. e4 Re7 37. b6 Re6 38. Rc5 Bd7 39. Rc7 Rc6+ 40. Rxc6 Bxc6 41. d5 Bb5 42. Kb4 Bf1 43. Kc5 Bxg2 44. Kd6 Bxf3 45. Kc7 Bxe4 46. d6 Bc6 47. d7 Bxd7 48. Kxd7 f5 49. Kc7 f4 50. Kxb7 f3 51. Kc7 f2 52. b7 f1Q 53. b8Q Qf4+ 54. Kb7 Qb4+ 55. Kc7 Qc5+ 56. Kd7 Qf5+ 57. Kc6 Qc2+ 58. Kd7 Qa4+ 1/2-1/2

[Event "EU-ch Seniors 65 18th"]
[Site "Drammen"]
[Date "2018.08.10"]
[Round "7"]
[White "Rubinstein, Mark"]
[Black "Tveten, Per"]
[Result "1-0"]
[WhiteElo "1850"]
[BlackElo "1526"]
[PlyCount "103"]
[EventDate "2018.08.04"]
[EventType "swiss"]
[EventRounds "9"]
[EventCountry "NOR"]
[SourceTitle "CBM 186 Extra"]
[Source "ChessBase"]
[SourceDate "2018.08.24"]
[SourceVersion "1"]
[SourceVersionDate "2018.08.24"]
[SourceQuality "1"]

1. c4 c5 2. Nc3 Nf6 3. g3 g6 4. Bg2 Bg7 5. e3 Nc6 6. d4 cxd4 7. exd4 e6 8. Nge2 d5 9. c5 b6 10. Qa4 Bb7 11. b4 0-0 12. b5 Na5 13. c6 Bc8 14. Qc2 a6 15. a4 Ne8 16. Rb1 Nd6 17. Qd1 axb5 18. axb5 Nac4 19. 0-0 f5 20. Qd3 Kh8 21. h4 Ne4 22. Nxe4 fxe4 23. Bxe4 Nd6 24. Bg2 Rf7 25. Rb4 Rfa7 26. Nf4 Nf5 27. Re1 Qd6 28. Qc3 Ra4 29. Rxa4 Rxa4 30. Qb3 Rb4 31. Qa3 Nxd4 32. Bd2 Nf3+ 33. Bxf3 Bf8 34. Bxb4 Qxb4 35. Qxb4 Bxb4 36. Re2 d4 37. Bg4 e5 38. Bxc8 exf4 39. Bg4 Bd6 40. c7 Bxc7 41. Re8+ Kg7 42. Re7+ Kf6 43. Rxc7 fxg3 44. fxg3 h5 45. Bd1 Ke5 46. Rc6 Kf5 47. Rxb6 g5 48. Rc6 gxh4 49. b6 Kg5 50. b7 hxg3 51. b8Q h4 52. Qe5# 1-0

[Event "EU-ch Seniors 65 18th"]
[Site "Drammen"]
[Date "2018.08.04"]
[Round "1"]
[White "Hauge, Tor Arne"]
[Black "Tveten, Per"]
[Result "1-0"]
[WhiteElo "2037"]
[BlackElo "1526"]
[PlyCount "79"]
[EventDate "2018.08.04"]
[EventType "swiss"]
[EventRounds "9"]
[EventCountry "NOR"]
[SourceTitle "CBM 186 Extra"]
[Source "ChessBase"]
[SourceDate "2018.08.24"]
[SourceVersion "1"]
[SourceVersionDate "2018.08.24"]
[SourceQuality "1"]

1. Nf3 Nc6 2. d4 d5 3. g3 Bf5 4. Bg2 Nf6 5. 0-0 h6 6. a3 e6 7. c4 Bd6 8. c5 Be7 9. b4 Qd7 10. Bb2 0-0 11. Nc3 Ne4 12. b5 Na5 13. c6 bxc6 14. Ne5 Qc8 15. Nxe4 dxe4 16. Qa4 f6 17. Qxa5 fxe5 18. bxc6 exd4 19. Bxd4 Rd8 20. Be3 Rd5 21. Qa4 Bc5 22. Bxe4 Bxe4 23. Qxe4 Qe8 24. Rfc1 Bb6 25. a4 Ra5 26. h4 Qf7 27. Rd1 Rf8 28. Rd7 Qf5 29. Qxf5 Rfxf5 30. Bxb6 cxb6 31. c7 Rf8 32. Rc1 Rc5 33. Rxc5 bxc5 34. Rd8 c4 35. Rxf8+ Kxf8 36. c8Q+ Kf7 37. Qxc4 Kf6 38. f4 g5 39. e4 gxh4 40. gxh4 1-0

[Event "Gibraltar Masters 15th"]
[Site "Caleta"]
[Date "2017.01.30"]
[Round "7"]
[White "Tveten, Per"]
[Black "Reuben, Stewart"]
[Result "0-1"]
[WhiteElo "1486"]
[BlackElo "2076"]
[PlyCount "108"]
[EventDate "2017.01.24"]
[EventType "swiss"]
[EventRounds "10"]
[EventCountry "GGB"]
[SourceTitle "CBM 177"]
[Source "ChessBase"]
[SourceDate "2017.03.16"]
[SourceVersion "1"]
[SourceVersionDate "2017.03.16"]
[SourceQuality "1"]

1. e4 c5 2. Nf3 Nc6 3. c4 g6 4. Nc3 Bg7 5. g3 e6 6. Bg2 Nge7 7. d3 0-0 8. 0-0 d5 9. cxd5 exd5 10. exd5 Nxd5 11. Nxd5 Qxd5 12. Ne1 Qd6 13. Bf4 Ne5 14. Qd2 Rb8 15. Rd1 Bg4 16. f3 Be6 17. b3 Rbd8 18. Bxe5 Bxe5 19. f4 Bd4+ 20. Kh1 Bg4 21. Bf3 Bxf3+ 22. Nxf3 Qd5 23. Qg2 Bc3 24. Ne1 Rfe8 25. Qxd5 Rxd5 26. Rc1 Bb4 27. a4 Bxe1 28. Rfxe1 Rxe1+ 29. Rxe1 Rxd3 30. Re8+ Kg7 31. b4 cxb4 32. Re7 Ra3 33. a5 Rxa5 34. Rxb7 Ra1+ 35. Kg2 a5 36. Rb5 Ra3 37. Kf1 b3 38. Ke1 a4 39. Kd1 Ra2 40. Kc1 Rxh2 41. Rb4 Ra2 42. Kb1 h5 43. Rb5 Kf6 44. Rb4 Kf5 45. Rb5+ Kg4 46. Rg5+ Kf3 47. f5 a3 48. fxg6 Re2 49. Rc5 Re1+ 50. Rc1 a2+ 51. Kb2 Rxc1 52. gxf7 a1Q+ 53. Kxb3 Rc3+ 54. Kb4 Qb2+ 0-1

[Event "Gibraltar Masters 15th"]
[Site "Caleta"]
[Date "2017.01.29"]
[Round "6"]
[White "Tveten, Per"]
[Black "Neumanova, Monika"]
[Result "0-1"]
[WhiteElo "1486"]
[BlackElo "1707"]
[PlyCount "40"]
[EventDate "2017.01.24"]
[EventType "swiss"]
[EventRounds "10"]
[EventCountry "GGB"]
[SourceTitle "CBM 177"]
[Source "ChessBase"]
[SourceDate "2017.03.16"]
[SourceVersion "1"]
[SourceVersionDate "2017.03.16"]
[SourceQuality "1"]

1. e4 c5 2. Nf3 Nc6 3. c4 e6 4. Nc3 a6 5. b3 d6 6. d3 Nf6 7. g3 b6 8. Bg2 Bb7 9. 0-0 Be7 10. Re1 0-0 11. Bb2 Qc7 12. e5 dxe5 13. Nxe5 Rad8 14. Qc2 Nxe5 15. Bxb7 Nxd3 16. Red1 Nxb2 17. Rxd8 Rxd8 18. Bxa6 Nd3 19. Nb5 Qe5 20. Nc3 Nb4 0-1

[Event "Gibraltar Masters 15th"]
[Site "Caleta"]
[Date "2017.01.27"]
[Round "4"]
[White "Lochte, Szilvia"]
[Black "Tveten, Per"]
[Result "1-0"]
[WhiteElo "1829"]
[BlackElo "1486"]
[PlyCount "85"]
[EventDate "2017.01.24"]
[EventType "swiss"]
[EventRounds "10"]
[EventCountry "GGB"]
[SourceTitle "CBM 177"]
[Source "ChessBase"]
[SourceDate "2017.03.16"]
[SourceVersion "1"]
[SourceVersionDate "2017.03.16"]
[SourceQuality "1"]

1. d4 d5 2. Bf4 Bf5 3. e3 e6 4. Bd3 Bxd3 5. Qxd3 Nf6 6. Nf3 Bd6 7. Bg3 0-0 8. Nbd2 h6 9. 0-0 Nbd7 10. c4 Bxg3 11. hxg3 c5 12. cxd5 exd5 13. b3 Qe7 14. Rac1 b6 15. Qf5 Qe6 16. Qd3 Ne4 17. Rc2 a6 18. Rfc1 Rfc8 19. Qe2 b5 20. dxc5 Rxc5 21. Nd4 Qg6 22. Nxe4 Rxc2 23. Qxc2 dxe4 24. Qc7 Nf8 25. Qb7 Rd8 26. Nc6 Rd7 27. Qxd7 Nxd7 28. Ne7+ Kh7 29. Nxg6 fxg6 30. Rc7 Nf6 31. Ra7 Nd5 32. Rxa6 Nb4 33. Ra5 g5 34. a4 bxa4 35. Rxa4 Nd5 36. Rxe4 Nf6 37. Rd4 Kg6 38. b4 Kf7 39. b5 Ke7 40. b6 Nd7 41. b7 Nb8 42. Rc4 Kd7 43. Rc8 1-0

[Event "Gibraltar Masters 15th"]
[Site "Caleta"]
[Date "2017.01.26"]
[Round "3"]
[White "Tveten, Per"]
[Black "Press, Shaun"]
[Result "0-1"]
[WhiteElo "1486"]
[BlackElo "1970"]
[PlyCount "82"]
[EventDate "2017.01.24"]
[EventType "swiss"]
[EventRounds "10"]
[EventCountry "GGB"]
[SourceTitle "CBM 177"]
[Source "ChessBase"]
[SourceDate "2017.03.16"]
[SourceVersion "1"]
[SourceVersionDate "2017.03.16"]
[SourceQuality "1"]

1. e4 e5 2. Nf3 Nc6 3. Bc4 Nf6 4. Ng5 Bc5 5. 0-0 0-0 6. Nc3 h6 7. Nf3 d6 8. h3 a6 9. a3 Be6 10. Bd5 Bxd5 11. Nxd5 Nxe4 12. d3 Nf6 13. Nxf6+ Qxf6 14. Be3 Bxe3 15. fxe3 Qe6 16. c4 f5 17. Nd2 d5 18. Qb3 dxc4 19. Qxc4 Qxc4 20. dxc4 Rad8 21. Rad1 Rd3 22. Nf3 Rxe3 23. Rd7 Rf7 24. Rxf7 Kxf7 25. Nh4 g6 26. Rd1 Nd4 27. Rd2 g5 28. Kf2 Re4 29. Nf3 Ke6 30. c5 Nxf3 31. Kxf3 Rd4 32. Rc2 Kd5 33. b4 Rd3+ 34. Ke2 e4 35. Ra2 Kd4 36. Kf1 f4 37. Ke2 e3 38. Kf3 Rd2 39. Ra1 Rf2+ 40. Kg4 e2 41. g3 Rf1 0-1

[Event "Gibraltar Masters 15th"]
[Site "Caleta"]
[Date "2017.01.24"]
[Round "1"]
[White "Tveten, Per"]
[Black "Thavandiran, Shiyam"]
[Result "0-1"]
[WhiteElo "1486"]
[BlackElo "2367"]
[PlyCount "94"]
[EventDate "2017.01.24"]
[EventType "swiss"]
[EventRounds "10"]
[EventCountry "GGB"]
[SourceTitle "CBM 177"]
[Source "ChessBase"]
[SourceDate "2017.03.16"]
[SourceVersion "1"]
[SourceVersionDate "2017.03.16"]
[SourceQuality "1"]

1. e4 e6 2. Nc3 d5 3. d4 Bb4 4. exd5 exd5 5. Qe2+ Ne7 6. Bd2 Nbc6 7. Nf3 Bg4 8. Qd3 Bf5 9. Qe3 Bxc2 10. a3 Bxc3 11. Qxc3 Be4 12. Be2 0-0 13. 0-0 Nf5 14. Be3 Re8 15. Nd2 Nxe3 16. fxe3 Qg5 17. Bf3 Bxf3 18. Rxf3 Re7 19. Re1 Rae8 20. Rg3 Qf6 21. Rf1 Qd6 22. Rff3 Nb8 23. Qd3 Nd7 24. Rh3 g6 25. Rhg3 c5 26. Qb5 cxd4 27. exd4 a6 28. Qd3 Qb6 29. Qc3 Nf6 30. h3 Rc7 31. Qb4 Qxb4 32. axb4 Rc1+ 33. Kh2 Ree1 34. Rg5 Nh5 35. Rf1 Rxf1 36. Nxf1 Rxf1 37. g4 Nf6 38. Kg2 Rb1 39. Re5 Rxb2+ 40. Kf3 h6 41. h4 Rb3+ 42. Kf4 Rxb4 43. g5 Rxd4+ 44. Ke3 Re4+ 45. Rxe4 Nxe4 46. Kd4 hxg5 47. Kxd5 Nf6+ 0-1

[Event "Wch Seniors 65 26th"]
[Site "Marianske Lazne"]
[Date "2016.11.22"]
[Round "4"]
[White "Abel, Hans Peter"]
[Black "Tveten, Per"]
[Result "1-0"]
[WhiteElo "1923"]
[BlackElo "1523"]
[PlyCount "93"]
[EventDate "2016.11.19"]
[EventType "swiss"]
[EventRounds "11"]
[EventCountry "CZE"]
[SourceTitle "CBM 175 Extra"]
[Source "ChessBase"]
[SourceDate "2016.12.12"]
[SourceVersion "1"]
[SourceVersionDate "2016.12.12"]
[SourceQuality "1"]

1. Nf3 Nc6 2. d4 d5 3. g3 Nf6 4. Bg2 h6 5. a3 e6 6. 0-0 Bd6 7. c3 0-0 8. Re1 Re8 9. Nbd2 e5 10. dxe5 Nxe5 11. Qc2 Ng6 12. c4 c6 13. c5 Bc7 14. Nd4 Be5 15. N2f3 Ne4 16. Nxe5 Rxe5 17. f3 Nf6 18. b4 Bd7 19. Bb2 Re8 20. Rad1 Ne5 21. Bc1 b5 22. cxb6 Qxb6 23. Qc3 Nc4 24. Kh1 a5 25. e4 axb4 26. axb4 Rab8 27. exd5 Rxe1+ 28. Rxe1 cxd5 29. b5 Bxb5 30. Bf4 Re8 31. Rb1 Qa5 32. Qxa5 Nxa5 33. Nxb5 g5 34. Bc7 Nc4 35. Nd6 Re3 36. Nf5 Re8 37. Nxh6+ Kg7 38. Nf5+ Kg6 39. Nd6 Re3 40. Nxc4 dxc4 41. Rc1 c3 42. Ba5 Nd5 43. Kg1 Rd3 44. Rc2 f5 45. Kf2 f4 46. Bf1 Ne3 47. Bxd3+ 1-0

[Event "WchT Seniors 65"]
[Site "Radebeul"]
[Date "2016.06.29"]
[Round "4.4"]
[White "Tveten, Per"]
[Black "Koenig, Manfred"]
[Result "1-0"]
[WhiteElo "1537"]
[BlackElo "1305"]
[PlyCount "86"]
[EventDate "2016.06.26"]
[EventType "team-swiss"]
[EventRounds "9"]
[EventCountry "GER"]
[SourceTitle "CBM 173 Extra"]
[Source "ChessBase"]
[SourceDate "2016.08.29"]
[SourceVersion "1"]
[SourceVersionDate "2016.08.29"]
[SourceQuality "1"]
[WhiteTeam "Norway III"]
[BlackTeam "Radebeul Chemie"]
[WhiteTeamCountry "NOR"]
[BlackTeamCountry "GER"]

1. e4 e5 2. Nf3 Nf6 3. Nc3 Bb4 4. Bd3 Bxc3 5. bxc3 d6 6. h3 0-0 7. 0-0 h6 8. Bb2 Nbd7 9. Re1 b6 10. Bb5 Bb7 11. Bxd7 Qxd7 12. d3 Rfe8 13. c4 c5 14. a4 a5 15. Rf1 Bc6 16. c3 Qd8 17. Nd2 Ra7 18. f3 Nh5 19. d4 Bb7 20. d5 Nf4 21. Rf2 Nd3 22. Nf1 Nxf2 23. Kxf2 Ba6 24. Ne3 Qh4+ 25. Kg1 Bc8 26. Bc1 Qh5 27. Kh2 f6 28. g4 Qg6 29. Ng2 Qh7 30. Rb1 Rb7 31. Rb2 Bd7 32. Be3 Bc8 33. Qb1 g5 34. Rxb6 Qc7 35. Rb5 Re7 36. h4 Rf7 37. h5 Kg7 38. Ne1 Qd7 39. Nd3 Rxb5 40. cxb5 Qb7 41. c4 Qb6 42. Bd2 Ba6 43. Qe1 Ra7 1-0

[Event "WchT Seniors 65"]
[Site "Radebeul"]
[Date "2016.06.28"]
[Round "3.4"]
[White "Schwier, Gerd"]
[Black "Tveten, Per"]
[Result "1/2-1/2"]
[WhiteElo "1864"]
[BlackElo "1537"]
[PlyCount "43"]
[EventDate "2016.06.26"]
[EventType "team-swiss"]
[EventRounds "9"]
[EventCountry "GER"]
[SourceTitle "CBM 173 Extra"]
[Source "ChessBase"]
[SourceDate "2016.08.29"]
[SourceVersion "1"]
[SourceVersionDate "2016.08.29"]
[SourceQuality "1"]
[WhiteTeam "Dresden Springer"]
[BlackTeam "Norway III"]
[WhiteTeamCountry "GER"]
[BlackTeamCountry "NOR"]

1. e4 e5 2. Nc3 Nf6 3. Nf3 Nc6 4. d3 Bc5 5. Bg5 h6 6. Bxf6 Qxf6 7. Nd5 Qd8 8. c3 d6 9. b4 Bb6 10. a4 a6 11. Nxb6 cxb6 12. Be2 0-0 13. 0-0 f5 14. Nd2 Qf6 15. Nc4 Qd8 16. Bf3 Be6 17. Ne3 f4 18. Nc4 Qc7 19. Bg4 Bf7 20. Bh5 Be6 21. Bg4 Bf7 22. Bh5 1/2-1/2

[Event "Gibraltar Masters 13th"]
[Site "Caleta"]
[Date "2015.02.04"]
[Round "9"]
[White "Tveten, Per"]
[Black "Bullock, Lee"]
[Result "1/2-1/2"]
[WhiteElo "1601"]
[BlackElo "1519"]
[PlyCount "80"]
[EventDate "2015.01.27"]
[EventType "swiss"]
[EventRounds "10"]
[EventCountry "GGB"]
[SourceTitle "CBM 165"]
[Source "ChessBase"]
[SourceDate "2015.03.11"]
[SourceVersion "1"]
[SourceVersionDate "2015.03.11"]
[SourceQuality "1"]

1. e4 c5 2. c4 d6 3. Nc3 Nf6 4. h3 g6 5. d3 Bg7 6. Nf3 0-0 7. g3 a6 8. Bd2 Nc6 9. Qc1 Re8 10. Bg2 Nb4 11. Bf1 Rb8 12. a3 Nc6 13. Rb1 b5 14. b3 b4 15. Nd5 Nxd5 16. cxd5 Nd4 17. Bg2 bxa3 18. Nxd4 a2 19. Nc6 axb1Q 20. Qxb1 Qb6 21. Nxb8 Qxb8 22. 0-0 e6 23. Qc2 exd5 24. exd5 Bf5 25. Re1 Rxe1+ 26. Bxe1 Qb5 27. Be4 Bxh3 28. Qc4 Qb6 29. Kh2 Bg4 30. Bxg6 Bd1 31. Be4 Bxb3 32. Qc1 Qd8 33. Qf4 Bd1 34. f3 Qf6 35. Qg4 Qh6+ 36. Kg2 Qe3 37. Bc3 Qh6 38. Qc8+ Bf8 39. Qg4+ Bg7 40. Qc8+ Bf8 1/2-1/2

[Event "Gibraltar Masters 13th"]
[Site "Caleta"]
[Date "2015.02.02"]
[Round "7"]
[White "Beadle, John R"]
[Black "Tveten, Per"]
[Result "1-0"]
[WhiteElo "1694"]
[BlackElo "1601"]
[PlyCount "113"]
[EventDate "2015.01.27"]
[EventType "swiss"]
[EventRounds "10"]
[EventCountry "GGB"]
[SourceTitle "CBM 165"]
[Source "ChessBase"]
[SourceDate "2015.03.11"]
[SourceVersion "1"]
[SourceVersionDate "2015.03.11"]
[SourceQuality "1"]

1. e4 e5 2. Nf3 Nc6 3. Bb5 d6 4. 0-0 Bd7 5. c3 Nf6 6. Re1 Be7 7. d4 exd4 8. cxd4 a6 9. Ba4 b5 10. Bc2 Bg4 11. Be3 0-0 12. Nbd2 d5 13. e5 Nd7 14. h3 Bh5 15. Qc1 Nb4 16. Bb1 Bg6 17. Bxg6 fxg6 18. Qc3 c5 19. dxc5 Nc6 20. b4 Qc7 21. Bd4 Rf4 22. Be3 Rf5 23. Nd4 Rxe5 24. N2f3 Re4 25. Nd2 Re5 26. f4 Rxe3 27. Qxe3 Bf6 28. Nxc6 Qxc6 29. Rad1 Kf7 30. Nf3 h6 31. Qb3 Kf8 32. Qxd5 Nb8 33. Qxc6 Nxc6 34. a3 a5 35. Rd6 axb4 36. Rxc6 bxa3 37. Ne5 a2 38. Ra1 g5 39. Nd7+ Ke7 40. Nxf6 gxf6 41. fxg5 hxg5 42. Rb6 Ra5 43. Kf2 f5 44. Ke3 Kd7 45. Kd4 g4 46. hxg4 fxg4 47. Ke5 b4 48. Kd4 Kc7 49. Kc4 b3 50. Rxb3 Kc6 51. Rb6+ Kc7 52. Kb4 Ra8 53. Rg6 Rb8+ 54. Kc4 Rb2 55. Rxg4 Rc2+ 56. Kb3 Rxc5 57. Rc4 1-0

[Event "Gibraltar Masters 13th"]
[Site "Caleta"]
[Date "2015.02.01"]
[Round "6"]
[White "Tveten, Per"]
[Black "Kuenitz, Klaus"]
[Result "0-1"]
[WhiteElo "1601"]
[BlackElo "1680"]
[PlyCount "122"]
[EventDate "2015.01.27"]
[EventType "swiss"]
[EventRounds "10"]
[EventCountry "GGB"]
[SourceTitle "CBM 165"]
[Source "ChessBase"]
[SourceDate "2015.03.11"]
[SourceVersion "1"]
[SourceVersionDate "2015.03.11"]
[SourceQuality "1"]

1. e4 e6 2. Nc3 d5 3. f3 dxe4 4. fxe4 Nf6 5. Nf3 c5 6. d3 Nc6 7. Bf4 Be7 8. Nb5 Qa5+ 9. Nc3 0-0 10. Be2 Qb4 11. Rb1 Nd4 12. a3 Qa5 13. 0-0 Bd7 14. Ne5 Rad8 15. Nc4 Qa6 16. e5 Nd5 17. Nxd5 exd5 18. Ne3 Nxe2+ 19. Qxe2 d4 20. Nd5 Qe6 21. Nxe7+ Qxe7 22. Qh5 Rde8 23. Rbe1 Qe6 24. Qf3 Bc6 25. Qg3 b5 26. Bg5 Qg6 27. Qh4 h6 28. Qg4 Qxg5 29. Qxg5 hxg5 30. h3 Re6 31. Rf5 f6 32. Kf2 Rfe8 33. b4 cxb4 34. axb4 Rxe5 35. Rfxe5 Rxe5 36. Ra1 Re7 37. Rc1 Kf7 38. c3 dxc3 39. Rxc3 Bb7 40. Rc5 a6 41. g3 Ke6 42. h4 gxh4 43. gxh4 Kd6 44. Rh5 Bc6 45. Rh8 Be8 46. h5 Ke5 47. h6 gxh6 48. Rxh6 Re6 49. Rh4 f5 50. Ke3 Rg6 51. d4+ Kd5 52. Rh8 Bc6 53. Rd8+ Kc4 54. Kf4 Be4 55. d5 Kxb4 56. d6 a5 57. Ke5 a4 58. Rc8 Rxd6 59. Kxd6 a3 60. Rc1 a2 61. Ke5 Bb1 0-1

[Event "Gibraltar Masters 13th"]
[Site "Caleta"]
[Date "2015.01.30"]
[Round "4"]
[White "Curado, Manuel Joao Ferro"]
[Black "Tveten, Per"]
[Result "1-0"]
[WhiteElo "1860"]
[BlackElo "1601"]
[PlyCount "57"]
[EventDate "2015.01.27"]
[EventType "swiss"]
[EventRounds "10"]
[EventCountry "GGB"]
[SourceTitle "CBM 165"]
[Source "ChessBase"]
[SourceDate "2015.03.11"]
[SourceVersion "1"]
[SourceVersionDate "2015.03.11"]
[SourceQuality "1"]

1. e4 e5 2. Nf3 Nc6 3. Bc4 Bc5 4. 0-0 Nf6 5. c3 0-0 6. d4 exd4 7. cxd4 Bb6 8. e5 Ne8 9. Bg5 Ne7 10. Nc3 c6 11. d5 f6 12. d6+ Nd5 13. Bxd5+ cxd5 14. Nxd5 fxg5 15. Ne7+ Kh8 16. Nxg5 g6 17. Rc1 Ng7 18. Rc3 Ne6 19. Ne4 Bd4 20. Rh3 Kg7 21. Qd2 Nf4 22. Rh4 Bxe5 23. g3 Nh5 24. Rxh5 Kf7 25. Qd5+ Ke8 26. Qxe5 gxh5 27. Qxh5+ Rf7 28. Ng5 Qa5 29. Qxf7+ 1-0

[Event "Oslo op-B"]
[Site "Oslo"]
[Date "2014.09.28"]
[Round "7"]
[White "Roksvold, Thore"]
[Black "Tveten, Per"]
[Result "1-0"]
[WhiteElo "1140"]
[BlackElo "1593"]
[PlyCount "39"]
[EventDate "2014.09.28"]
[EventType "swiss"]
[EventRounds "9"]
[EventCountry "NOR"]
[SourceTitle "EXT 2017"]
[Source "ChessBase"]
[SourceDate "2016.10.25"]
[SourceVersion "1"]
[SourceVersionDate "2016.10.25"]
[SourceQuality "1"]

1. e4 e5 2. Bc4 Bc5 3. Nf3 Nc6 4. c3 Nf6 5. d4 exd4 6. cxd4 Bb4+ 7. Nbd2 0-0 8. 0-0 Bxd2 9. Bxd2 Nxe4 10. d5 Nxd2 11. Qxd2 Ne7 12. d6 Nf5 13. dxc7 Qxc7 14. Rac1 Qd8 15. Bd3 d6 16. Rc3 g6 17. Rfc1 Ne7 18. Qh6 Nc6 19. Ng5 d5 20. Qxh7# 1-0